000 00971nam a22002777a 4500
001 BR8805096
003 BR-BrBNA
005 20230928093009.0
007 ta
008 230509b bl.||||| |||| 00| 0 por d
040 _aBR-BrBNA
_bpor
_cBiblioteca Nacional de Agricultura
041 _a(Por)
072 _aM11; M40
_b8150
_b/G514
090 _ 8150 BR8805096
100 1 _aMaluf, S.
110 1 _aInstituto de Pesquisas Espaciais, Sao Jose dos Campos, SP (Brasil)
245 1 _aRelatorio final no subprojeto CARPE (modelo de cartas de pesca)referente ao bonito-listrado (Katsuwonus pelamis)apresentado a Comissao Interministerial para os recursos do mar (CIRM)
_bINPE-3707-RPE/495
260 3 _aSao Jose dos Campos, SP (Brasil):
_c1985.
300 _a86 p.
500 _a21 illus.; 12 tables; 16 ref.; Summary (Eng)
650 _aPESCA MARINHA
650 _aBONITO
650 _aSENSORIAMENTO REMOTO
909 _a202309
_bLucia
_c55
_dLucia Elande
942 _cBK
999 _c42439
_d42439